<?xml version="1.0" encoding="UTF-8"?><?xml-stylesheet type="text/xsl" href="static/style.xsl"?><OAI-PMH xmlns="http://www.openarchives.org/OAI/2.0/" xmlns:xsi="http://www.w3.org/2001/XMLSchema-instance" xsi:schemaLocation="http://www.openarchives.org/OAI/2.0/ http://www.openarchives.org/OAI/2.0/OAI-PMH.xsd"><responseDate>2026-04-28T02:51:23Z</responseDate><request verb="GetRecord" identifier="oai:riubu.ubu.es:10259/9008" metadataPrefix="marc">https://riubu.ubu.es/oai/request</request><GetRecord><record><header><identifier>oai:riubu.ubu.es:10259/9008</identifier><datestamp>2024-04-23T00:05:18Z</datestamp><setSpec>com_10259_5363</setSpec><setSpec>com_10259_5086</setSpec><setSpec>com_10259_2604</setSpec><setSpec>col_10259_5364</setSpec></header><metadata><record xmlns="http://www.loc.gov/MARC21/slim" xmlns:doc="http://www.lyncode.com/xoai" xmlns:xsi="http://www.w3.org/2001/XMLSchema-instance" xmlns:dcterms="http://purl.org/dc/terms/" xsi:schemaLocation="http://www.loc.gov/MARC21/slim http://www.loc.gov/standards/marcxml/schema/MARC21slim.xsd">
<leader>00925njm 22002777a 4500</leader>
<datafield tag="042" ind1=" " ind2=" ">
<subfield code="a">dc</subfield>
</datafield>
<datafield tag="720" ind1=" " ind2=" ">
<subfield code="a">Gargouri, Wafa</subfield>
<subfield code="e">author</subfield>
</datafield>
<datafield tag="720" ind1=" " ind2=" ">
<subfield code="a">Elleuche, Mazen</subfield>
<subfield code="e">author</subfield>
</datafield>
<datafield tag="720" ind1=" " ind2=" ">
<subfield code="a">Fernández Muiño, Miguel Ángel</subfield>
<subfield code="e">author</subfield>
</datafield>
<datafield tag="720" ind1=" " ind2=" ">
<subfield code="a">Sancho Ortiz, María Teresa</subfield>
<subfield code="e">author</subfield>
</datafield>
<datafield tag="720" ind1=" " ind2=" ">
<subfield code="a">Osés Gómez, Sandra María</subfield>
<subfield code="e">author</subfield>
</datafield>
<datafield tag="260" ind1=" " ind2=" ">
<subfield code="c">2024-05</subfield>
</datafield>
<datafield tag="520" ind1=" " ind2=" ">
<subfield code="a">The incorporation of natural ingredients to food products as a source of bioactive compounds is currently an increasing trend for food companies. The purposes of this work were to study the physicochemical properties of microencapsulated propolis powder, and to research the potential beneficial effect of it on texture and sensory quality of sugar-free chewing gums. Propolis ethanolic extract was microencapsulated by spray-drying technology, using maltodextrin as carrier, protecting conceivable bioactivity. Morphology of propolis microparticles was evaluated using Scanning Electron Microscope (SEM) and showed homogeneous microparticles with different sizes and no cracks. Propolis powder showed low water activity, moisture and hygroscopicity, high amounts of Ca, P, and high values for antioxidant-related parameters. Propolis powder phenolics were analysed by HPLC-UV and HPLC-ESI-MS. Apigenin, gallic acid, CAPE, and galangin demonstrated the highest degree of encapsulation, providing antiradical activities. Propolis powder was incorporated in chewing gums at 5%, improving their texture and sensory properties.</subfield>
</datafield>
<datafield tag="024" ind2=" " ind1="8">
<subfield code="a">0032-5910</subfield>
</datafield>
<datafield tag="024" ind2=" " ind1="8">
<subfield code="a">http://hdl.handle.net/10259/9008</subfield>
</datafield>
<datafield tag="024" ind2=" " ind1="8">
<subfield code="a">10.1016/j.powtec.2024.119777</subfield>
</datafield>
<datafield ind1=" " ind2=" " tag="653">
<subfield code="a">Spray-drying</subfield>
</datafield>
<datafield ind1=" " ind2=" " tag="653">
<subfield code="a">Chewing gum</subfield>
</datafield>
<datafield ind1=" " ind2=" " tag="653">
<subfield code="a">Phenolics</subfield>
</datafield>
<datafield ind1=" " ind2=" " tag="653">
<subfield code="a">Sensory quality</subfield>
</datafield>
<datafield tag="245" ind1="0" ind2="0">
<subfield code="a">Microencapsulated propolis powder: A promising ingredient of chewing gum</subfield>
</datafield>
</record></metadata></record></GetRecord></OAI-PMH>